<?xml version="1.0" encoding="UTF-8"?>
<record
    xmlns:xsi="http://www.w3.org/2001/XMLSchema-instance"
    xsi:schemaLocation="http://www.loc.gov/MARC21/slim http://www.loc.gov/standards/marcxml/schema/MARC21slim.xsd"
    xmlns="http://www.loc.gov/MARC21/slim">

  <leader>01531nam a2200241 a 4500</leader>
  <controlfield tag="001">22149</controlfield>
  <controlfield tag="003">CO-ViMGA</controlfield>
  <controlfield tag="008">141112s2004    ck      r     000 u spa d</controlfield>
  <datafield tag="020" ind1=" " ind2=" ">
    <subfield code="a">8485441745</subfield>
  </datafield>
  <datafield tag="040" ind1=" " ind2=" ">
    <subfield code="a">CO-ViMGA</subfield>
    <subfield code="b">spa</subfield>
    <subfield code="c">CO-ViMGA</subfield>
  </datafield>
  <datafield tag="082" ind1="0" ind2="4">
    <subfield code="a">338.1 C153c</subfield>
  </datafield>
  <datafield tag="100" ind1="1" ind2=" ">
    <subfield code="a">Caldentey Albert, Pedro; Haro Gimenez, Tom&#xE1;s de</subfield>
    <subfield code="9">31519</subfield>
  </datafield>
  <datafield tag="245" ind1="1" ind2="0">
    <subfield code="a">Comercializaci&#xF3;n de productos agrarios</subfield>
  </datafield>
  <datafield tag="250" ind1=" " ind2=" ">
    <subfield code="a">5</subfield>
  </datafield>
  <datafield tag="260" ind1=" " ind2=" ">
    <subfield code="a">Madrid : </subfield>
    <subfield code="b">Agricola Espa&#xF1;ola, </subfield>
    <subfield code="c">Ediciones Mundi - Prensa, </subfield>
    <subfield code="c">2004</subfield>
  </datafield>
  <datafield tag="300" ind1=" " ind2=" ">
    <subfield code="a">354p</subfield>
  </datafield>
  <datafield tag="505" ind1=" " ind2=" ">
    <subfield code="a">Comercializaci&#xF3;n 9 - - Agentes y canales de comercializaci&#xF3;n 21 - - Industrias agrarias 57 - - Sistemas modernos de distribuci&#xF3;n 73 - - Formas de compra - venta 93 - - Cooperativa de agricultores 123 - - Centros de contrataci&#xF3;n y "mercados" en zonas de producci&#xF3;n 143 - - Mercados en zonas de consumo 161 - - Mercados de futuros y opciones 177 - - Margenes de comercializaci&#xF3;n 199 - - Normalizaci&#xF3;n y su control 221 - - L a calidad en los productos agroalimentarios 243 - - Productos con caracter&#xED;sticas especiales 259 - - Envases y embalajes 275 - - Formaci&#xF3;n de precios 289 - - Almacenamiento y precios en el tiempo 313 - - Transporte y precios en el espacio 325 - - Marketing 333  </subfield>
  </datafield>
  <datafield tag="590" ind1=" " ind2=" ">
    <subfield code="a">Forma de adquisici&#xF3;n : Compra - - Precio : 115.000 - - Proveedor : Bernalibros - - Fecha de adquisici&#xF3;n : Octubre 2007</subfield>
  </datafield>
  <datafield tag="650" ind1="1" ind2="4">
    <subfield code="a">AGRICULTURA - ASPECTOS ECONOMICOS</subfield>
    <subfield code="9">7263</subfield>
  </datafield>
  <datafield tag="650" ind1="1" ind2="4">
    <subfield code="a">MERCADO DE PRODUCTOS AGRICOLAS</subfield>
    <subfield code="9">31520</subfield>
  </datafield>
  <datafield tag="650" ind1="1" ind2="4">
    <subfield code="a">PRODUCTO AGRICOLA COMERCIALIZACI&#xD3;N</subfield>
    <subfield code="9">31521</subfield>
  </datafield>
  <datafield tag="942" ind1=" " ind2=" ">
    <subfield code="2">ddc</subfield>
    <subfield code="c">BK</subfield>
  </datafield>
  <datafield tag="999" ind1=" " ind2=" ">
    <subfield code="c">30584</subfield>
    <subfield code="d">30584</subfield>
  </datafield>
  <datafield tag="952" ind1=" " ind2=" ">
    <subfield code="0">0</subfield>
    <subfield code="1">0</subfield>
    <subfield code="2">ddc</subfield>
    <subfield code="4">0</subfield>
    <subfield code="7">0</subfield>
    <subfield code="8">002</subfield>
    <subfield code="a">MEVIECAR</subfield>
    <subfield code="b">MEVIECAR</subfield>
    <subfield code="d">2015-12-04</subfield>
    <subfield code="h">Volumen. 1 | 11/jun/2009</subfield>
    <subfield code="l">0</subfield>
    <subfield code="o">338.1 C153c </subfield>
    <subfield code="p">22149</subfield>
    <subfield code="r">2015-12-04 00:00:00</subfield>
    <subfield code="t">Ej. 1</subfield>
    <subfield code="w">2015-12-04</subfield>
    <subfield code="y">BK</subfield>
  </datafield>
</record>
